<?xml version="1.0" encoding="UTF-8"?>
<record
    xmlns:xsi="http://www.w3.org/2001/XMLSchema-instance"
    xsi:schemaLocation="http://www.loc.gov/MARC21/slim http://www.loc.gov/standards/marcxml/schema/MARC21slim.xsd"
    xmlns="http://www.loc.gov/MARC21/slim">

  <leader>00394nam a22001577a 4500</leader>
  <controlfield tag="005">20250806103821.0</controlfield>
  <controlfield tag="008">250806b        |||||||| |||| 00| 0 eng d</controlfield>
  <datafield tag="082" ind1=" " ind2=" ">
    <subfield code="a">005.8</subfield>
    <subfield code="b">MIN-K</subfield>
  </datafield>
  <datafield tag="100" ind1=" " ind2=" ">
    <subfield code="a">Mining, Ethem</subfield>
  </datafield>
  <datafield tag="245" ind1=" " ind2=" ">
    <subfield code="a">Kali Linux /</subfield>
  </datafield>
  <datafield tag="260" ind1=" " ind2=" ">
    <subfield code="a">India:</subfield>
    <subfield code="b">Pearson;</subfield>
    <subfield code="c">2018.</subfield>
  </datafield>
  <datafield tag="300" ind1=" " ind2=" ">
    <subfield code="a">xiv, 90 p. :</subfield>
    <subfield code="b">ill;</subfield>
    <subfield code="c">22 cm.</subfield>
  </datafield>
  <datafield tag="500" ind1=" " ind2=" ">
    <subfield code="a">include index.</subfield>
  </datafield>
  <datafield tag="650" ind1=" " ind2=" ">
    <subfield code="a">Computer Science</subfield>
  </datafield>
  <datafield tag="999" ind1=" " ind2=" ">
    <subfield code="c">37008</subfield>
    <subfield code="d">37008</subfield>
  </datafield>
  <datafield tag="952" ind1=" " ind2=" ">
    <subfield code="0">0</subfield>
    <subfield code="1">0</subfield>
    <subfield code="4">0</subfield>
    <subfield code="7">0</subfield>
    <subfield code="8">Faculty of Computer Science and Information Technology</subfield>
    <subfield code="a">SIRC-G</subfield>
    <subfield code="b">SIRC-G</subfield>
    <subfield code="c">Operating system</subfield>
    <subfield code="d">2025-08-06</subfield>
    <subfield code="l">0</subfield>
    <subfield code="o">005.8 MIN-K 2018</subfield>
    <subfield code="p">30357</subfield>
    <subfield code="r">2025-08-06</subfield>
    <subfield code="t">1</subfield>
    <subfield code="w">2025-08-06</subfield>
    <subfield code="y">BK</subfield>
    <subfield code="Y">BK</subfield>
  </datafield>
  <datafield tag="952" ind1=" " ind2=" ">
    <subfield code="0">0</subfield>
    <subfield code="1">0</subfield>
    <subfield code="4">0</subfield>
    <subfield code="7">0</subfield>
    <subfield code="8">Faculty of Computer Science and Information Technology</subfield>
    <subfield code="a">SIRC-G</subfield>
    <subfield code="b">SIRC-G</subfield>
    <subfield code="c">Operating system</subfield>
    <subfield code="d">2025-08-06</subfield>
    <subfield code="l">0</subfield>
    <subfield code="o">005.8 MIN-K 2018</subfield>
    <subfield code="p">30358</subfield>
    <subfield code="r">2025-08-06</subfield>
    <subfield code="t">2</subfield>
    <subfield code="w">2025-08-06</subfield>
    <subfield code="y">BK</subfield>
    <subfield code="Y">BK</subfield>
  </datafield>
  <datafield tag="952" ind1=" " ind2=" ">
    <subfield code="0">0</subfield>
    <subfield code="1">0</subfield>
    <subfield code="4">0</subfield>
    <subfield code="7">0</subfield>
    <subfield code="8">Faculty of Computer Science and Information Technology</subfield>
    <subfield code="a">SIRC-G</subfield>
    <subfield code="b">SIRC-G</subfield>
    <subfield code="c">Operating system</subfield>
    <subfield code="d">2025-08-06</subfield>
    <subfield code="l">0</subfield>
    <subfield code="o">005.8 MIN-K 2018</subfield>
    <subfield code="p">30359</subfield>
    <subfield code="r">2025-08-06</subfield>
    <subfield code="t">3</subfield>
    <subfield code="w">2025-08-06</subfield>
    <subfield code="y">BK</subfield>
    <subfield code="Y">BK</subfield>
  </datafield>
  <datafield tag="952" ind1=" " ind2=" ">
    <subfield code="0">0</subfield>
    <subfield code="1">0</subfield>
    <subfield code="4">0</subfield>
    <subfield code="7">0</subfield>
    <subfield code="8">Faculty of Computer Science and Information Technology</subfield>
    <subfield code="a">SIRC-G</subfield>
    <subfield code="b">SIRC-G</subfield>
    <subfield code="c">Operating system</subfield>
    <subfield code="d">2025-08-06</subfield>
    <subfield code="l">0</subfield>
    <subfield code="o">005.8 MIN-K 2018</subfield>
    <subfield code="p">30360</subfield>
    <subfield code="r">2025-08-06</subfield>
    <subfield code="t">4</subfield>
    <subfield code="w">2025-08-06</subfield>
    <subfield code="y">BK</subfield>
    <subfield code="Y">BK</subfield>
  </datafield>
  <datafield tag="952" ind1=" " ind2=" ">
    <subfield code="0">0</subfield>
    <subfield code="1">0</subfield>
    <subfield code="4">0</subfield>
    <subfield code="7">0</subfield>
    <subfield code="8">Faculty of Computer Science and Information Technology</subfield>
    <subfield code="a">SIRC-G</subfield>
    <subfield code="b">SIRC-G</subfield>
    <subfield code="c">Operating system</subfield>
    <subfield code="d">2025-08-06</subfield>
    <subfield code="l">0</subfield>
    <subfield code="o">005.8 MIN-K 2018</subfield>
    <subfield code="p">30361</subfield>
    <subfield code="r">2025-08-06</subfield>
    <subfield code="t">5</subfield>
    <subfield code="w">2025-08-06</subfield>
    <subfield code="y">BK</subfield>
    <subfield code="Y">BK</subfield>
  </datafield>
</record>
